| 000 | 01032nam a2200301Ia 4500 | ||
|---|---|---|---|
| 001 | Para_5866 | ||
| 003 | CHAP | ||
| 008 | 220125s1983 xx 000 0 und d | ||
| 010 | _a202647 | ||
| 040 | _cCHAP | ||
| 090 | _aPA TESIS 180 | ||
| 100 |
_aMartínez Díaz, Gerardo _971991 |
||
| 245 |
_aSistemas de control de malezas en maíz (Zea mays L.); efecto de métodos de control, densidad y distribución del cultivo / _c por Gerardo Martínez Díaz |
||
| 260 |
_aChapingo, Méx. : _b el autor |
||
| 300 | _a46 h. | ||
| 502 | _aTesis (Ing. Agr. Esp. en Parasitología Agrícola) -- UACh. Departamento Parasitología Agrícola | ||
| 650 |
_aHerbicidas _953691 |
||
| 650 |
_aMaíz _x espaciamiento _970946 |
||
| 650 |
_aMaíz _x malas hierbas _xcontrol _971003 |
||
| 710 |
_aUACh. Departamento Parasitología Agrícola _9164025 |
||
| 901 | _aPA TESIS 180 | ||
| 902 | _aA | ||
| 905 | _a0000001983 i 0000000000 00 | ||
| 910 | _a1983 | ||
| 942 | _cPARA | ||
| 942 |
_cPARA _d1 |
||
| 999 |
_c202647 _d202647 |
||